000 00513nam a2200169 i 4500
001 50123
003 ES-MaACL
005 20230906162128.0
007 t|
008 030731s1962 sp ||||1| spa d
100 1 _aCrocker, T.J.
_941663
245 1 3 _aLa cría de pollos /
_cT. J. Crocker ; traducción de Jaime Esain Escobar.
260 _aZaragoza :
_b[Acribia,
_c1962]
300 _aVIII, 104 p., 8 lám. :
_bil. ;
_c20 cm.
700 0 _aEsaín Escobar, Jaime.
_947449
852 _aES-MaACL
_jC-22599
_bR.51356
999 _c50123
_d50123